| 000 | 00517pab a2200181 454500 | ||
|---|---|---|---|
| 008 | 180718b1997 xxu||||| |||| 00| 0 eng d | ||
| 100 | _aPorter, David O. | ||
| 245 | _aLatvians on the road to market democracy | ||
| 260 | _c1997 | ||
| 300 | _ap.681-716 | ||
| 362 | _aMar | ||
| 650 | _aEconomic and social development - Latvia | ||
| 650 | _aEconomic and social development | ||
| 700 | _aVanags, Edvins | ||
| 700 | _aKing, Gundar J. | ||
| 773 | _aInternational Journal of Public Administration | ||
| 909 | _a34160 | ||
| 999 |
_c34160 _d34160 |
||